Хигиена за физическите упражнения на децата и на младите люде (Запис номер 417096)
[ съкратено ]
| 000 -Лидер | |
|---|---|
| Контролно поле с фиксирана дължина | nam a22 a 4500 |
| 003 - Код на организацията, давaща контролен номер | |
| Контролно поле | BLK |
| 005 - Дата и час на последна редакция | |
| Контролно поле | 20210928130915.0 |
| 008 - Елементи от данни с фиксирана дължина | |
| fixed length control field | 210512b bu |||||r|||| 00| | bu d |
| 040 ## - Източник на каталожния запис | |
| Идентификатор на билиотеката - собственик на записа | BLK |
| 041 ## - Код за език | |
| Код за езика на текст/звукозапис или на отделно заглавие | Български |
| Код за езика КДБФ | Български |
| 080 ## - УДК | |
| Текстов определител УДК | Хигиена. Лично здраве. Вж и 614 ; 616-083 |
| УДК код - определител по УДК | 613 |
| УДК - код + определител | 613 |
| 100 ## - Редна дума - Автор | |
| R(LIN) | 454706 |
| Автор | Лагранж, Фернанд |
| Авторска отговорност | първи автор |
| 139 ## - Редно поле | |
| Редна дума | Лагранж, Фернанд |
| 245 ## - Сведения за заглавието | |
| Заглавие | Хигиена за физическите упражнения на децата и на младите люде |
| Редно поле (дума) | Фердинанд Лагранж ; прев. от рус. С. Гълъбов |
| 257 ## - Страна на издаване | |
| Страна на създаване/издаване | Русия |
| 260 ## - Област на издателските данни | |
| 9 (RLIN) | 216516 |
| Място на издаване, разпространение и проч. | Пловдив |
| Име на издателя, разпространителя и проч. | б. и. |
| Година на издаване | 1896 |
| Печатница | Пловдив : Търг. печ. |
| 300 ## - Физическа характеристика | |
| Страници | XII, 188 с. |
| Размери/Мащаб | 23 см |
| 380 ## - Жанр | |
| Жанр | Медицина |
| 490 ## - СЕРИИ (Колекции) | |
| 9 (RLIN) | 435080 |
| Име на серия | Колекция Редки и ценни издания |
| 650 #7 - Допълнително описание по предмет – тема | |
| 9 (RLIN) | 176430 |
| Основно описание – тема или топоним | Хигиена |
| 653 #7 - Ключова дума – ненормативна | |
| 9 (RLIN) | 199896 |
| Ключова дума | хигиена |
| 653 #7 - Ключова дума – ненормативна | |
| 9 (RLIN) | 199293 |
| Ключова дума | физически упражнения |
| 700 ## - Други автори (авторска отговорност) | |
| 9 (RLIN) | 1121 |
| Лично име | Гълъбов, Спас |
| Автороска отговорност (Описва отношението между автора и произведението) | прев. от рус. |
| 852 ## - Местоположение | |
| Форматна сигнатура | Рб 896 |
| Фондова буква | Редки и ценни |
| 999 ## - СИСТЕМНИ КОНТРОЛНИ НОМЕРА | |
| Koha biblionumber | 417096 |
| Koha biblioitemnumber | 417096 |
| 942 ## - АРТИКУЛИ | |
| Вид на библиотечния материал | Книги |
| Скрит в OPAC | Не |
| Периодичен библиозапис | Да |
| 944 ## - СЪЗДАВАНЕ И РЕДАКЦИЯ на ЗАПИСА | |
| Създаване/Редакция | Създаване |
| Дата на регистрацията/редакция | 2021-06-01 |
| Служител, извършил регистрацията/редакцията | Кети |
| 999 ## - СИСТЕМНИ КОНТРОЛНИ НОМЕРА | |
| Koha biblioitemnumber | 417096 |
| Код за отписване | Код за изгубен артикул | Източник на класификационната схема | Код за повреда | Коз за рестрикции | Код за отдаване | Артикулен № | Име на библиотеката - собственик | Име на библиотеката, в която се намира в момента | Статус (Текущо местоположение) | Дата на вписване в системата | Местоположение - отдел | Цена в лева | Инвентарен номер | Систематично азбучна сигнатура | Баркод | Цена в евро | Служебен тип на артикула |
|---|---|---|---|---|---|---|---|---|---|---|---|---|---|---|---|---|---|
| Не е изгубен | Universal Decimal Classification | Не е повреден | само за читалня | Специални фондове ( старопечатни, редки и ценни, фонд М. Арнаудов) | 852956 | Регионална библиотека "Любен Каравелов" Русе | Регионална библиотека "Любен Каравелов" Русе | Редки и ценни | 2021-09-17 | Редки и ценни | 0.16 | 9105-а | Рб 896 | 900000061802 | 0.08 | Книги |